Picking apples and pumpkins / (Record no. 66)
[ view plain ]
| 000 -LEADER | |
|---|---|
| fixed length control field | 00819nam a22002777a 4500 |
| 001 - CONTROL NUMBER | |
| control field | 66 |
| 003 - CONTROL NUMBER IDENTIFIER | |
| control field | FISKH |
| 005 - DATE AND TIME OF LATEST TRANSACTION | |
| control field | 20241101154513.0 |
| 008 - FIXED-LENGTH DATA ELEMENTS--GENERAL INFORMATION | |
| fixed length control field | 230221b cb ||||| |||| 00| 0 eng d |
| 040 ## - CATALOGING SOURCE | |
| Original cataloging agency | FISKH |
| Transcribing agency | FISKH |
| Language of cataloging | eng |
| Modifying agency | FISKH |
| 050 ## - LIBRARY OF CONGRESS CALL NUMBER | |
| Classification number | M657 |
| 082 ## - DEWEY DECIMAL CLASSIFICATION NUMBER | |
| Edition number | 813.6 |
| 100 ## - MAIN ENTRY--PERSONAL NAME | |
| Personal name | Mills, Liz |
| 245 ## - TITLE STATEMENT | |
| Title | Picking apples and pumpkins / |
| Statement of responsibility, etc. | Illustrated by Tom LaPadulu |
| 250 ## - EDITION STATEMENT | |
| Edition statement | First printing in 2006 |
| 260 ## - PUBLICATION, DISTRIBUTION, ETC. | |
| Place of publication, distribution, etc. | New York |
| Name of publisher, distributor, etc. | Scholastic |
| Date of publication, distribution, etc. | 2006 |
| 300 ## - PHYSICAL DESCRIPTION | |
| Extent | 16 leaves of plates. |
| Dimensions | Color illustrations ; |
| Other physical details | 23 cm. |
| 505 ## - FORMATTED CONTENTS NOTE | |
| Formatted contents note | N<br/> |
| 520 ## - SUMMARY, ETC. | |
| Summary, etc. | Emily Elizabeth and Clifford go to a farm for a school field trip to gather the harvest. |
| 521 8# - TARGET AUDIENCE NOTE | |
| Target audience note | 580L<br/> |
| Source | Lexile |
| 521 8# - TARGET AUDIENCE NOTE | |
| Target audience note | K |
| Source | Raz-Plus |
| 650 ## - SUBJECT ADDED ENTRY--TOPICAL TERM | |
| Topical term or geographic name entry element | Farming |
| Source of heading or term | Pumpkins |
| 650 ## - SUBJECT ADDED ENTRY--TOPICAL TERM | |
| Topical term or geographic name entry element | Picking Apples |
| 700 ## - ADDED ENTRY--PERSONAL NAME | |
| Personal name | LaPadulu, Tom |
| Dates associated with a name | Illustrator |
| 942 ## - ADDED ENTRY ELEMENTS (KOHA) | |
| Source of classification or shelving scheme | Dewey Decimal Classification |
| Koha item type | Books |
| Suppress in OPAC | No |
| Withdrawn status | Lost status | Source of classification or shelving scheme | Damaged status | Not for loan | Collection | Home library | Current library | Shelving location | Date acquired | Total Checkouts | Full call number | Barcode | Date last seen | Date last checked out | Price effective from | Koha item type | Copy number |
|---|---|---|---|---|---|---|---|---|---|---|---|---|---|---|---|---|---|
| Dewey Decimal Classification | Juvenile Fiction | Footprints International School Library Network Toul Kork Campus | Footprints International School Library Network Toul Kork Campus | 02/21/2023 | 5 | MIL 813.6 M657 | FISBK01658 | 05/21/2025 | 05/07/2025 | 02/21/2023 | Books | ||||||
| Dewey Decimal Classification | Juvenile Fiction | Footprints International School Library Network Toul Kork Campus | Footprints International School Library Network Toul Kork Campus | TK Primary Library Room(4th Floor), Bookcase 1&2, Shelves 1-16, Dark Blue Books | 10/31/2024 | MIL 813.6 M657 | 2024-2261 | 10/31/2024 | 10/31/2024 | Books | 2 |
